| 000 | 00641nam a2200193Ia 4500 | ||
|---|---|---|---|
| 008 | 140626s9999 xx 000 0 und d | ||
| 020 | _a9780323057592 | ||
| 050 |
_aRB 38.2 _b.F47 2010 |
||
| 100 | _aFerri, Fred F. | ||
| 245 |
_aFerri’s best test : _b practical guide to clinical laboratory medicine and diagnostic imaging / _cFred F. Ferri |
||
| 250 | _a2nd ed. | ||
| 260 |
_aPhiladelphia, PA : _bMosbyElsevier, _cc2010. |
||
| 300 |
_a419 p. : _bill. ; _c19 cm. |
||
| 500 | _aIncludes bibliographical references and index. | ||
| 521 | _aMedTech | ||
| 650 |
_aReference values _xHandbooks. |
||
| 942 |
_kFOR _cBK |
||
| 999 |
_c121512 _d121512 |
||